[Event "VIII Mirko Srajber Mem"]
[Site "Subotica SCG"]
[Date "2003.11.29"]
[Round "2"]
[White "Bodiroga,P"]
[Black "Benkovic,P"]
[Result "1/2-1/2"]
[WhiteElo "2391"]
[BlackElo "2463"]

1.d4 Nf6 2.c4 e6 3.Nf3 b6 4.Nc3 Bb4 5.Qb3 c5 6.Bg5 Bb7 7.e3 O-O 8.Be2 h6
9.Bh4 Qe7 10.a3 Bxc3+ 11.Qxc3 d6 12.dxc5 dxc5 13.O-O Nbd7 14.Rfd1 Rfd8 15.Ne5 Nxe5
16.Qxe5 Rxd1+ 17.Rxd1 Rd8 18.f3 Rxd1+ 19.Bxd1 Qd8 20.Bc2 Kf8 21.h3 Bc6 22.Qc3 Ke7
23.Kf2 Qd7 24.Ke2 Qc7 25.Kf2 Qd7 26.b4 Ba4 27.Bd3 Bc6 28.Be2 cxb4 29.axb4 Ba8
30.Qa3 Kf8 31.Bg3 Qb7 32.Qd3 Qd7 33.Qa3 Qb7 34.b5+ Kg8 35.Qd6 Nd7 36.e4 Qc8
37.Ke3 Bb7 38.Qc7 Qxc7 39.Bxc7 a6 40.bxa6 Bxa6 41.f4 Kf8 42.Kd4 Bb7 43.g3 Bc6
44.e5 Ke7 45.Bxb6 Nxb6 46.Kc5 Nxc4 47.Bxc4 Bg2 48.h4 h5 49.Be2 g6 50.Bb5 Bf3
51.Kb6 Bg4 52.Bc6 Be2 53.Kc5 Bd1  1/2-1/2

[Event "Kurent Men"]
[Site "Ptuj SLO"]
[Date "2003.12.01"]
[Round "3"]
[White "Podkriznik,G"]
[Black "Bratovic,B"]
[Result "1/2-1/2"]
[WhiteElo "2341"]
[BlackElo "2366"]

1.d4 Nf6 2.c4 e6 3.Nf3 b6 4.Nc3 Bb7 5.Bg5 Bb4 6.e3 h6 7.Bh4 g5 8.Bg3 Ne4
9.Qc2 Bxc3+ 10.bxc3 d6 11.Bd3 f5 12.d5 Nd7 13.Bxe4 fxe4 14.Qxe4 Qf6 15.Qxe6+ Qxe6
16.dxe6 Nc5 17.O-O O-O-O 18.Nd4 Rde8 19.Rad1 Nxe6 20.Nb5 a6 21.Nd4 Nc5 22.Rc1 Be4
23.Nb3 Bd3 24.Rfd1 Bxc4 25.Nxc5 dxc5 26.Rd2 Re4 27.Rcd1 Bb5 28.Rd5 Rf8 29.R1d2 Bc6
30.Re5 Rxe5 31.Bxe5 Rf7 32.f4 Be4  1/2-1/2

[Event "33rd Rilton Cup"]
[Site "Stockholm SWE"]
[Date "2003.12.03"]
[Round "7"]
[White "Moen,A"]
[Black "Brynell,S"]
[Result "0-1"]
[WhiteElo "2239"]
[BlackElo "2462"]

1.d4 e6 2.c4 Nf6 3.Nf3 b6 4.Nc3 Bb4 5.Bg5 h6 6.Bh4 g5 7.Bg3 Ne4 8.Qc2 Bb7
9.e3 Bxc3+ 10.bxc3 d6 11.Bd3 f5 12.d5 Nd7 13.Bxe4 fxe4 14.Qxe4 Qf6 15.Qxe6+ Qxe6
16.dxe6 Nc5 17.O-O-O O-O-O 18.h4 g4 19.Nd4 Rde8 20.f3 gxf3 21.gxf3 Ba6 22.f4 Nxe6
23.Nxe6 Rxe6 24.Bf2 Bxc4 25.Kb2 Rf8 26.Rd4 c5 27.Rdd1 Kd7 28.Rhg1 Kc6 29.a3 Rf7
30.Rg3 a5 31.Kc2 b5 32.Rdg1 Rff6 33.Be1 Kd5 34.Bd2 Ke4 35.Rg7 a4 36.R7g3 Bd3+
37.Kc1 Kd5 38.Kb2 Kc4 39.R1g2 Be4 40.Rg1 Rf5 41.Rh3 Rd5 42.Rh2 Bf5 43.Rg3 Rd3
44.Rf2 Rf6 45.Rg1 Be4 46.Rh2 Rf5 47.Rc1 Rfd5 48.Rc2 Rh5 49.Rc1 Rxh4  0-1

[Event "DSEM"]
[Site "Hockenheim GER"]
[Date "2003.12.07"]
[Round "7"]
[White "Bischoff,K"]
[Black "Buhmann,R"]
[Result "1-0"]
[WhiteElo "2564"]
[BlackElo "2532"]

1.c4 Nf6 2.Nc3 e6 3.Nf3 b6 4.d4 Bb4 5.e3 Bb7 6.Bd3 O-O 7.Bd2 d5 8.cxd5 exd5
9.O-O Bd6 10.Qc2 c5 11.Rfd1 Nc6 12.a3 c4 13.Bf1 a6 14.g3 Na5 15.Be1 Re8 16.Bg2 Qe7
17.Nd2 Rac8 18.h3 g6 19.Rac1 Rcd8 20.Qb1 Bc8 21.g4 Bb8 22.Nf1 Nb3 23.Rc2 h5
24.f3 hxg4 25.hxg4 Kg7 26.Bh4 Rh8 27.Bg5 Qe6 28.Rf2 Rde8 29.Bxf6+ Qxf6 30.Nxd5 Qh4
31.e4 b5 32.e5 Rd8 33.Nfe3 Ba7 34.Qe4 Bb7 35.f4 Bxd5 36.Nxd5 Qxg4 37.Ne3 Qh5
38.Bf3 Qh4 39.Nc2 Qg3+ 40.Rg2 Qh4 41.Kf1 Nc5 42.dxc5 Qh1+ 43.Kf2 Bxc5+ 44.Ne3 Rxd1
45.Rxg6+ fxg6 46.Bxh1 Rhxh1 47.Qb7+ Kh6 48.Qc8 Rd2+ 49.Kf3 Rh3+ 50.Kg4  1-0

[Event "FSIM December"]
[Site "Budapest HUN"]
[Date "2003.12.08"]
[Round "3"]
[White "Porat,I"]
[Black "Fodor,T jr"]
[Result "0-1"]
[WhiteElo "2255"]
[BlackElo "2137"]

1.d4 Nf6 2.c4 e6 3.Nf3 b6 4.Nc3 Bb4 5.Qc2 Bb7 6.a3 Bxc3+ 7.Qxc3 Ne4 8.Qc2 O-O
9.g3 f5 10.Bg2 Nf6 11.d5 exd5 12.Nd4 Ne4 13.cxd5 Qf6 14.Be3 Bxd5 15.Qxc7 Nc6
16.Rd1 Rac8 17.Qb7 Qf7 18.Nxc6 dxc6 19.Qxf7+ Rxf7 20.O-O Nf6 21.Bh3 g6 22.Bd4 Re8
23.Rfe1 Ne4 24.Bg2 Bb3 25.Rc1 c5 26.Be3 Rfe7 27.Bh6 Kf7 28.f3 Nd6 29.Kf2 a5
30.e3 a4 31.Bf1 Rc8 32.Ba6 Rc6 33.Bf1 c4 34.Bf4 Nb7 35.e4 fxe4 36.fxe4 Nc5
37.Kf3 b5 38.Re3 Ne6 39.h4 Nd4+ 40.Kf2 Kg7 41.e5 h6 42.Bg2 Rc8 43.g4 Rf8
44.Kg3 Ne6 45.Re4 Rd7 46.Rf1 g5 47.hxg5 hxg5 48.Be3 Rxf1 49.Bxf1 Bc2 50.Bxc4 Bxe4
51.Bxe6 Rd3 52.Kf2 Kg6 53.Ke2 Rd8 54.Ba2 Bd3+ 55.Ke1 Bc4 56.Bb1+ Kh6 57.Bf5 Rd5
58.Kf2 Rxe5 59.Bd4 Re2+ 60.Kf3 Re8 61.Bc3 Be6 62.Bd3 Bd7 63.Bc2 Bc6+ 64.Kg3 Re3+
65.Kf2 Rf3+ 66.Ke2 Rf4 67.Bf5 Bf3+ 68.Ke3 Bxg4 69.Bd3 Bd7 70.Be5 Rh4 71.Be2 Bc6
72.Bd6 Re4+ 73.Kf2 g4 74.Bf1 Re6 75.Bf4+ Kh5 76.Bd3 Re7 77.Kg3 Re1 78.Kf2 Rd1
79.Be2 Rb1 80.Kg3 Rg1+ 81.Kf2 Rg2+ 82.Kf1 Kh4 83.Be5 Kh3 84.Ke1 Rg1+ 85.Kf2 Rh1
86.Bf1+ Kh4 87.Bf4 Kh5 88.Be2 Rb1 89.Kg3 Rxb2 90.Bxg4+ Kg6 91.Bd6 Rd2 92.Bc5 Rc2
93.Bd6 Rc3+ 94.Kf2 Kf6 95.Ke2 Rc4 96.Bh5 b4 97.Kd3  0-1

[Event "21st Cairnhill Open"]
[Site "Singapore SIN"]
[Date "2003.12.08"]
[Round "3"]
[White "Khaled,O"]
[Black "Tan Lian Ann"]
[Result "1/2-1/2"]
[WhiteElo "2122"]
[BlackElo "2367"]

1.d4 Nf6 2.c4 e6 3.Nf3 b6 4.Nc3 Bb7 5.e3 d5 6.Bd3 Bd6 7.O-O O-O 8.Re1 Nbd7
9.e4 dxe4 10.Nxe4 Nxe4 11.Bxe4 Bxe4 12.Rxe4 Nf6 13.Bg5 Be7 14.Re2 Nd7 15.Bxe7 Qxe7
16.d5 e5 17.Qd4 f6 18.Rd1 Qd6 19.Qh4 a5 20.Qg3 Rae8 21.Rde1 Nc5 22.Nd4 Qd7
23.Nc6 e4 24.Rd1 f5 25.f4 exf3 26.Rxe8 Rxe8 27.Qxf3 Re4 28.Nd4 g6 29.a3 a4
30.Qc3 Qg7 31.Qd2 Qe7 32.h3 Qe5 33.Nf3 Qd6 34.Qc3 Re7 35.Re1 Rxe1+ 36.Qxe1 Ne4
37.Qe3 Qc5 38.Qxc5 Nxc5 39.Nd2 Kf7 40.Kf1 Ke7 41.Ke2 Kd6 42.Ke3 g5 43.g3 h6
44.h4 Ke5 45.hxg5 hxg5 46.Nf3+ Kf6 47.Nd4 Ne4 48.Nb5 Nxg3 49.Nxc7 f4+ 50.Kf3 Nf5
51.Ne6 Ne3 52.c5 bxc5 53.Nxc5 Nxd5 54.Nxa4 Kf5 55.Nc5 g4+ 56.Kf2 Ne3 57.a4 g3+
58.Kf3 Nc4 59.Nd3 Nd2+ 60.Kg2 Ke4 61.Ne1 Ke3 62.a5 Ke2 63.a6 Kxe1 64.a7  1/2-1/2

[Event "FSGM December"]
[Site "Budapest HUN"]
[Date "2003.12.13"]
[Round "8"]
[White "Taylor,T"]
[Black "Berczes,D"]
[Result "0-1"]
[WhiteElo "2385"]
[BlackElo "2323"]

1.d4 Nf6 2.c4 e6 3.Nf3 b6 4.Nc3 Bb4 5.Bg5 Bb7 6.Nd2 h6 7.Bh4 Bxc3 8.bxc3 g5
9.Bg3 d6 10.f3 Nbd7 11.e4 Nh5 12.Bf2 Qe7 13.g3 f5 14.Bd3 e5 15.exf5 exd4+
16.Be4 dxc3 17.O-O O-O-O 18.Bxb7+ Kxb7 19.Ne4 Nhf6 20.Nxc3 Qf7 21.a4 Qxc4
22.Rc1 Rc8 23.a5 Rhd8 24.Bd4 Ne8 25.Ne4 Qf7 26.f4 gxf4 27.Rxf4 c5 28.Bb2 d5
29.axb6 axb6 30.Nc3 Ndf6 31.Ra4 Nc7 32.Rh4 h5 33.Na4 d4 34.Nxc5+ bxc5 35.Rxc5 Nd7
36.Qf3+ Kb8 37.Ra5 Nb6 38.Bxd4 Ncd5 39.Be5+ Kb7 40.Rxh5 Rc1+ 41.Kg2 Rc6 42.Rh4 Qxf5
43.Qxf5 Ne3+ 44.Kf3 Nxf5 45.Rb4 Kc8 46.Ra7 Rd7 47.Ra8+ Kb7 48.Rf8 Ng7 49.Rb8+ Ka7
50.g4 Ne6 51.h4 Rd5 52.Bh2 Rc3+ 53.Kg2 Rd2+ 54.Kh1 Rc1+ 55.Bg1 Kxb8 56.Rxb6+ Kc7
57.Rxe6 Rdd1 58.g5 Rxg1+ 59.Kh2 Rg4 60.Kh3 Rb4 61.Re3 Rh1+ 62.Kg3 Rhxh4 63.Rc3+ Kd7
64.Rc5 Ke7 65.Rf5 Rhg4+ 66.Kf3 Ke6 67.Ra5 Kf7 68.Rf5+ Kg6 69.Rf8 Kxg5 70.Rg8+ Kf5
71.Rc8 Rgc4 72.Rf8+ Ke6 73.Re8+ Kf6 74.Re3 Kf5 75.Ra3 Rc5 76.Re3 Rcb5 77.Re8 Rb3+
78.Ke2 Re5+  0-1

[Event "21st Cairnhill Open"]
[Site "Singapore SIN"]
[Date "2003.12.13"]
[Round "9"]
[White "Khaled,O"]
[Black "Koh Kum Hong"]
[Result "0-1"]
[WhiteElo "2122"]
[BlackElo "2244"]

1.d4 Nf6 2.c4 e6 3.Nf3 b6 4.Nc3 Bb4 5.Qc2 Bb7 6.Nd2 c5 7.e3 cxd4 8.exd4 Nc6
9.Nf3 Be7 10.a3 Rc8 11.b4 d5 12.Qb3 dxc4 13.Qd1 O-O 14.Be2 a6 15.O-O b5 16.h3 Nb8
17.Ne5 Nbd7 18.f4 Nb6 19.Bf3 Bxf3 20.Rxf3 Nbd5 21.Nxd5 Nxd5 22.f5 exf5 23.Rxf5 Nc3
24.Qe1 Ne2+ 25.Qxe2 Qxd4+ 26.Qe3 Qxa1 27.Nd7 Qb1 28.g4 Rfe8 29.Re5 Qd3 30.Nb6 Qxe3+
31.Rxe3 Rcd8 32.Kg2 Kf8 33.Re5 Bf6 34.Rf5 Re5 35.Rxe5 Bxe5 36.Be3 Bd4  0-1

[Event "TCh-BEL 2003-4"]
[Site "Belgium BEL"]
[Date "2003.12.14"]
[Round "1"]
[White "Roeder,M"]
[Black "Michiels,R"]
[Result "1-0"]
[WhiteElo "2458"]
[BlackElo "2248"]

1.d4 Nf6 2.c4 e6 3.Nf3 b6 4.Nc3 Bb7 5.a3 d5 6.cxd5 Nxd5 7.Qc2 c5 8.dxc5 Bxc5
9.Bg5 f6 10.Bd2 Qc7 11.Rc1 Nxc3 12.Bxc3 Qf7 13.e3 Nc6 14.Bd3 g6 15.Ng5 Qe7
16.Ne4 e5 17.O-O Rc8 18.Nxc5 bxc5 19.Bc4 Kf8 20.Rcd1 Kg7 21.f4 Rcd8 22.Qf2 Rxd1
23.Rxd1 Rd8 24.Rxd8 Qxd8 25.h3 Qd1+ 26.Kh2 Qd6 27.Qd2 Qxd2 28.Bxd2 Ne7 29.Bc3 exf4
30.exf4 Nf5 31.g4 Ne3 32.Be2 Nd5 33.Bd2 Kf7 34.Bd3 Ke6 35.f5+ Kf7 36.h4 gxf5
37.Bxf5 Kg7 38.Kg3 Ne7 39.Bd3 Ng6 40.Be3 Ne5 41.Bf5 h6 42.Bxc5 Nc4 43.Bd4 a5
44.g5 hxg5 45.hxg5 Nd6 46.gxf6+ Kf7 47.Bc2 Ne4+ 48.Bxe4 Bxe4 49.Kf4 Bd3 50.Ke3 Bc4
51.b4 Ke6 52.Bc3 axb4 53.axb4 Bb5 54.Kd4 Kd6 55.Bd2 Ba4 56.Bh6 Bb3 57.b5 Bf7
58.Bf4+ Kd7 59.Ke5 Bc4 60.b6 Kc6 61.Be3 Bf7 62.Kf5 Kd7 63.Kg5  1-0

[Event "RUS-UKR Blitz g/3"]
[Site "bereg.ru INT"]
[Date "2003.12.14"]
[Round "4"]
[White "Malakhatko,V"]
[Black "Virovlansky,S"]
[Result "1/2-1/2"]
[WhiteElo "2529"]
[BlackElo "2438"]

1.d4 Nf6 2.Nf3 e6 3.c4 b6 4.Nc3 Bb7 5.Bg5 Be7 6.Qc2 d5 7.Bxf6 Bxf6 8.cxd5 exd5
9.e3 O-O 10.Bd3 g6 11.h4 c5 12.O-O-O cxd4 13.exd4 Nc6 14.a3 Rc8 15.h5 Bg7
16.hxg6 hxg6 17.Kb1 Ne7 18.Qd2 Qd6 19.Qg5 Rxc3 20.bxc3 Qxa3 21.Qc1 Qd6 22.Ne5 Nc6
23.f4 Na5 24.Qb2 Rc8 25.g4 Nc4 26.Bxc4 dxc4 27.Rhe1 Bd5 28.f5 g5 29.Re3 f6
30.Ng6 Rd8 31.Rde1 Bf7 32.Rh3 b5 33.Reh1 Bxg6 34.fxg6 b4 35.Qe2 Qd5 36.Qh2 Qe4+
37.Ka1 Kf8 38.Rh8+ Ke7 39.Rxd8 Kxd8 40.Qd6+ Kc8 41.Rb1 Qc2 42.Qxb4 Kd7 43.Qb7+ Kd6
44.Qa6+ Kd5 45.Qb7+ Kd6 46.Qb8+ Kd5 47.Qb7+ Kd6  1/2-1/2

[Event "RUS-UKR Blitz g/3"]
[Site "bereg.ru INT"]
[Date "2003.12.14"]
[Round "9"]
[White "Malakhatko,V"]
[Black "Riazantsev,A"]
[Result "0-1"]
[WhiteElo "2529"]
[BlackElo "2572"]

1.d4 e6 2.c4 Nf6 3.Nf3 b6 4.Nc3 Bb7 5.Bg5 Be7 6.Qc2 c5 7.dxc5 bxc5 8.e3 O-O
9.Be2 Qb6 10.O-O Nc6 11.Rad1 Rfd8 12.Rd2 d6 13.Rfd1 h6 14.Bh4 Ne8 15.Bg3 a6
16.h3 Rd7 17.Nh2 Rad8 18.Bf3 Nb4 19.Qb1 Bf6 20.Bxb7 Qxb7 21.Ne4 Be7 22.Nf3 f5
23.Nc3 Nf6 24.a3 Nc6 25.e4 fxe4 26.Nxe4 e5 27.Nxf6+ Bxf6 28.Qf5 Nd4 29.Nxd4 cxd4
30.b4 Qc6 31.Qe6+ Kh8 32.f4 Re7 33.Qd5 Qxd5 34.cxd5 e4 35.Rxd4 Bxd4+ 36.Rxd4 Rc8
37.f5 Rc1+ 38.Kf2 e3+ 39.Ke2 Rc2+ 40.Kf3 e2 41.Be1 Kg8 42.g4 Kf7 43.h4 Rc1
44.Kf2 Rd1 45.Rf4 Rxd5 46.g5 hxg5 47.hxg5 Rd3 48.f6 gxf6 49.Rxf6+ Kg8 50.Rf4 d5
51.g6 Kg7 52.Rf5 Kxg6  0-1

[Event "Christmas Open"]
[Site "Zurich SUI"]
[Date "2003.12.28"]
[Round "4"]
[White "Klauser,M"]
[Black "Jenni,F"]
[Result "0-1"]
[WhiteElo "2379"]
[BlackElo "2522"]

1.d4 Nf6 2.c4 e6 3.Nf3 b6 4.Nc3 Bb4 5.Qb3 a5 6.Bg5 Bb7 7.e3 h6 8.Bh4 d6 9.Nd2 Nbd7
10.f3 e5 11.O-O-O Bxc3 12.bxc3 Qe7 13.e4 a4 14.Qa3 c5 15.d5 Nf8 16.Qb2 g5
17.Bf2 Ng6 18.Nb1 Ra6 19.Na3 Kd8 20.Kb1 Bc8 21.Ka1 g4 22.Be3 gxf3 23.gxf3 Nh5
24.Bd3 Ngf4 25.Bc2 Bd7 26.Rb1 Rg8 27.Rhg1 Rg6 28.Nb5 Qf6 29.Qc1 Ne2 30.Rxg6 fxg6
31.Qd2 Nef4 32.Qd1 Ng2 33.Bc1 Nh4 34.Bxa4 g5 35.Bc2 Bxb5 36.cxb5 Ra7 37.Rb3 Nxf3
38.h3 Qf7 39.Bd3 Nh4 40.Rb2 Nf4 41.Rf2 Qd7 42.Qf1 Nhg6 43.Be2 Ra4 44.Bd1 Ra5
45.a4 Ke7 46.Rf3 Nh4 47.Rg3 Ra8 48.c4 Rf8 49.Qe1 Nfg2 50.Qe2 Nf4 51.Qd2 Ra8
52.Kb2 Qe8 53.Kb3 Qg6 54.Bc2 Nh5 55.Re3 Qf7 56.Qe2 Nf4 57.Qg4 Qf6 58.Rg3 Kd8
59.Bd2 Qe7 60.Rg1 Kc7 61.Be1 Nhg6 62.Bd2 Kb7 63.Ra1 h5 64.Qf3 Qd7 65.Rh1 Rf8
66.a5 bxa5 67.Bxa5 g4 68.hxg4 Ne6 69.Qd1 Nd4+ 70.Kb2 hxg4 71.Be1 Ra8 72.Qc1 Kb6
73.Bb3 Nf4 74.Kb1 Ra1+  0-1

[Event "Open"]
[Site "Interlaken SUI"]
[Date "2003.12.29"]
[Round "5"]
[White "Pinter,J"]
[Black "Vidoniak,R"]
[Result "1/2-1/2"]
[WhiteElo "2518"]
[BlackElo "2452"]

1.d4 Nf6 2.c4 e6 3.Nf3 b6 4.Nc3 Bb7 5.a3 d5 6.Bg5 Be7 7.Qa4+ Qd7 8.Qxd7+ Nbxd7
9.Nb5 Kd8 10.e3 a6 11.Nc3 Ne4 12.Bf4 Nxc3 13.bxc3 Bd6 14.Bg3 Ke7 15.Nd2 Bxg3
16.hxg3 dxc4 17.Nxc4 a5 18.f3 Ba6 19.Rb1 h6 20.Kd2 Rhd8 21.Kc2 f6 22.a4 e5
23.f4 Bb7 24.Nd2 Rac8 25.Re1 c5 26.dxe5 fxe5 27.Rh5 Bc6 28.Bb5 Bxb5 29.axb5 c4
30.Ne4 exf4 31.gxf4 Nf6 32.Nxf6 Kxf6 33.e4 Rd3 34.Re2 Rcd8 35.g4 a4 36.Kb2 Ra8
37.Rd5 a3+ 38.Ka2 Rxc3 39.Rd6+ Ke7 40.Rxb6 Rg3 41.Rb7+ Kf8 42.b6 Rb3 43.Rc2 Rb4
44.e5 Ra6 45.f5 Rbxb6 46.Rxb6 Rxb6 47.Rxc4 Ra6 48.Rc8+ Ke7 49.e6 Ra7 50.Rg8 Kd6
51.Rf8 Ra4 52.Rd8+ Ke7 53.Rd7+ Kf8 54.Rf7+ Kg8 55.Rb7 Kf8 56.g5 hxg5 57.Rb8+ Ke7
58.Rg8 Kf6 59.Rf8+ Ke7 60.Rf7+ Kd6 61.Rd7+ Kc6 62.Rxg7 Rf4 63.Rg8 Kd6 64.Rd8+ Ke7
65.Rd7+ Ke8 66.Rf7 g4 67.f6 g3  1/2-1/2

[Event "Hilton Chess Festival"]
[Site "Basel SUI"]
[Date "2004.01.03"]
[Round "6"]
[White "Czebe,A"]
[Black "Zontakh,A"]
[Result "1/2-1/2"]
[WhiteElo "2487"]
[BlackElo "2525"]

1.c4 Nf6 2.Nf3 b6 3.d4 e6 4.Nc3 Bb7 5.Bg5 h6 6.Bh4 Be7 7.e3 Ne4 8.Bxe7 Qxe7
9.Nxe4 Bxe4 10.Be2 O-O 11.O-O d6 12.Nd2 Bb7 13.Bf3 c5 14.Ne4 Nd7 15.Re1 Rfd8
16.Rc1 Rab8 17.Nc3 Bxf3 18.Qxf3 Nf6 19.Ne4 Nxe4 20.Qxe4 Rbc8 21.g3 g6 22.Rc3 cxd4
23.Qxd4 d5 24.cxd5 Rxc3 25.Qxc3 Rxd5 26.e4  1/2-1/2

[Event "TCh-FIN 2003-4"]
[Site "Finland FIN"]
[Date "2004.01.10"]
[Round "6"]
[White "Solozhenkin,E"]
[Black "Maki Uuro,Mi"]
[Result "1/2-1/2"]
[WhiteElo "2523"]
[BlackElo "2391"]

1.d4 Nf6 2.c4 e6 3.Nf3 b6 4.Nc3 Bb4 5.Qb3 c5 6.Bg5 Bb7 7.e3 h6 8.Bh4 O-O
9.Rd1 cxd4 10.Qxb4 dxc3 11.Qxc3 Ne4 12.Qd4 Qc7 13.Be2 d5 14.cxd5 Bxd5 15.Ne5 f6
16.Ng6 Nc6 17.Qa4 Nc5 18.Qg4 Rf7 19.Bg3 Qb7 20.O-O Bxg2 21.Rfe1 Be4 22.Bd6 Bf5
23.Qg2 Be4 24.Qg3 Bc2 25.Rc1 Ne4 26.Qg2 Nxd6 27.Rxc2 Ne5 28.Qxb7 Nxb7 29.Nxe5 fxe5
30.Bg4 Kh8 31.Bxe6 Re7 32.Bd5 Rd8 33.e4 Nc5 34.Re3 Ne6  1/2-1/2

[Event "1st WinTV Open"]
[Site "Chennai IND"]
[Date "2004.01.24"]
[Round "5"]
[White "Sultana,Z2"]
[Black "Laxman,R"]
[Result "0-1"]
[WhiteElo "2097"]
[BlackElo "2335"]

1.d4 Nf6 2.c4 e6 3.Nf3 b6 4.Nc3 Bb4 5.Qc2 Bb7 6.a3 Be4 7.Qb3 Bxc3+ 8.Qxc3 h6
9.e3 a5 10.Bd3 a4 11.Qc2 d5 12.Bxe4 Nxe4 13.O-O O-O 14.b3 axb3 15.Qxb3 Nc6
16.cxd5 Qxd5 17.Qc2 Rfc8 18.Bb2 Na5 19.Rfd1 f6 20.Ne1 Nd6 21.Bc3 Nac4 22.a4 Qe4
23.Qc1 Nf5 24.Bb4 Ncd6 25.Bd2 Qd5 26.f3 Qc4 27.Qc2 Qxc2 28.Nxc2 Nc4 29.e4 Nfd6
30.Bc3 Ra7 31.d5 e5 32.Rdb1 Rca8 33.Rb4 b5 34.axb5 Rxa1+ 35.Nxa1 Ra2 36.Rb3 Ne3
37.Bb2 Ndc4 38.Bc3 Nd1 39.Bxe5 fxe5 40.Rb1 Nde3 41.Nb3 Rxg2+ 42.Kh1 Rf2 43.Nc5 Nd2
44.Nd3 Rxf3 45.Nxe5 Rh3 46.Rc1 Ndf1 47.Kg1 Rxh2 48.Rxf1 Nxf1 49.Kxf1 Rb2
50.Nf3 Rxb5 51.Ke2 g5 52.Nd4 Rb4 53.Ke3 Rxd4 54.Kxd4 h5 55.e5 Kf7 56.Ke4 h4
57.Kf3 h3 58.Kg3 g4 59.Kh2 Kg6 60.Kg3 Kf5 61.e6 Kf6 62.Kh2 c5  0-1

[Event "ch-Kiev"]
[Site "Kiev UKR"]
[Date "2004.01.26"]
[Round "9"]
[White "Malakhatko,V"]
[Black "Taborov,B"]
[Result "0-1"]
[WhiteElo "2543"]
[BlackElo "2425"]

1.d4 Nf6 2.c4 e6 3.Nf3 b6 4.Nc3 Bb4 5.Bg5 Bb7 6.Nd2 h6 7.Bh4 O-O 8.e3 d5
9.Qc2 Nbd7 10.Bd3 c5 11.a3 cxd4 12.axb4 dxc3 13.bxc3 dxc4 14.Nxc4 Bxg2 15.Rg1 Bd5
16.Nd2 Qc7 17.Bg3 e5 18.c4 Bb7 19.Bf5 a5 20.b5 Rfe8 21.Qb2 Nc5 22.Bh4 Nfe4
23.Ra3 Nxd2 24.Qxd2 g5 25.Qc2 Rad8 26.Bg3 Bf3 27.Ra1 Qd6 28.Bh4 Nb3 29.Bxg5 Qb4+
30.Kf1 hxg5 31.Rxg5+ Kf8 32.Be6 Nxa1 33.Rg8+ Ke7  0-1

[Event "9th HIT Open"]
[Site "Nova Gorica SLO"]
[Date "2004.02.02"]
[Round "5"]
[White "Dobrov,V"]
[Black "Kengis,E"]
[Result "0-1"]
[WhiteElo "2481"]
[BlackElo "2572"]

1.d4 Nf6 2.c4 e6 3.Nf3 b6 4.Nc3 Bb4 5.Qc2 Bb7 6.a3 Bxc3+ 7.Qxc3 Ne4 8.Qc2 O-O
9.e3 f5 10.b4 a5 11.Bb2 axb4 12.axb4 Rxa1+ 13.Bxa1 Qe7 14.Bc3 Nc6 15.c5 bxc5
16.dxc5 Ra8 17.Nd4 Nxb4 18.Qb2 Qxc5 19.Bxb4 Ra1+ 20.Ke2 Qc4+ 21.Kf3 Rxf1
22.Rxf1 Qxf1  0-1

[Event "9th HIT Open"]
[Site "Nova Gorica SLO"]
[Date "2004.02.02"]
[Round "6"]
[White "Stamenkov,V"]
[Black "Zorko,Ju"]
[Result "1/2-1/2"]
[WhiteElo "2400"]
[BlackElo "2310"]

1.Nf3 Nf6 2.d4 e6 3.c4 b6 4.Nc3 Bb7 5.a3 d5 6.cxd5 Nxd5 7.e3 g6 8.Bb5+ c6
9.Ba4 Bg7 10.O-O O-O 11.e4 Nxc3 12.bxc3 c5 13.Bc2 cxd4 14.cxd4 Nc6 15.Bg5 Qd6
16.e5 Qd7 17.Be4 Na5 18.Qe2 Bd5 19.Qe3  1/2-1/2

[Event "AS04 Centenary"]
[Site "Copenhagen DEN"]
[Date "2004.02.07"]
[Round "1"]
[White "Jakobsen,O"]
[Black "Moller,A"]
[Result "1-0"]
[WhiteElo "2388"]
[BlackElo "1943"]

1.d4 Nf6 2.c4 e6 3.Nf3 b6 4.Nc3 Bb7 5.a3 d6 6.Bg5 Be7 7.e3 h6 8.Bh4 Nbd7
9.h3 g5 10.Bg3 g4 11.hxg4 Nxg4 12.Qd2 Nf8 13.Bd3 Ng6 14.Qc2 Rg8 15.d5 e5
16.Qa4+ Kf8 17.Bf5 Bc8 18.Bxg4 Bxg4 19.Rxh6 Kg7 20.Rh1 a6 21.Qc2 Qd7 22.Nh2 Rh8
23.f3 Bh5 24.O-O-O b5 25.Bf2 Nf8 26.Qe2 Bg6 27.e4 bxc4 28.Ng4 Bg5+ 29.Be3 Qe7
30.Rxh8 Kxh8 31.Rh1+ Kg7 32.Qd2 Bxe3 33.Nxe3 Qf6 34.Nxc4 Nh7 35.Ne3 Kf8 36.Kc2 Ke7
37.Qd3 Ng5 38.Qc4 Ra7 39.Qb4 Qf4 40.Re1 Qg3 41.Re2 Ra8 42.Qb7 Rd8 43.Qxa6 Qh4
44.Qd3 Qh8 45.Kb1 Rb8 46.Ka2 Qc8 47.Qc4 Qb7 48.Rc2 Kf6 49.Ncd1 Kg7 50.Rc3 Rc8
51.Qc6 Qa7 52.Qd7 Qa6 53.Nf5+ Bxf5 54.Qxf5 f6 55.Qd7+ Nf7 56.Ne3  1-0

[Event "FSIM February"]
[Site "Budapest HUN"]
[Date "2004.02.10"]
[Round "4"]
[White "Fodor,T jr"]
[Black "Szabo,K"]
[Result "1/2-1/2"]
[WhiteElo "2130"]
[BlackElo "2348"]

1.d4 Nf6 2.c4 e6 3.Nf3 b6 4.Nc3 Bb4 5.Bg5 Bb7 6.Nd2 h6 7.Bh4 c5 8.a3 Ba5
9.Rb1 Bxc3 10.bxc3 d6 11.f3 Nc6 12.Nb3 Qe7 13.e4 O-O 14.Bd3 Rfd8 15.O-O g5
16.Bf2 e5 17.d5 Nb8 18.a4 Kg7 19.Be3 Nbd7 20.Nc1 Rg8 21.Ne2 Nh5 22.g3 Kf8
23.Kf2 Ke8 24.Ke1 Kd8 25.Kd2 Kc7 26.Rb2 f6 27.Qa1 Rae8 28.a5 Ng7 29.Bc2 Rb8
30.Ba4 Ba8 31.Rfb1 Qd8 32.Rb3 f5 33.Bxd7 Kxd7 34.axb6 axb6 35.Qb2 fxe4 36.fxe4 Nh5
37.Rxb6 Rxb6 38.Qxb6 Qxb6 39.Rxb6 Rf8 40.Kd3 Kc7 41.Rb1 Rf3 42.Ng1 Rf8 43.Nh3 Bb7
44.Nf2 Nf6 45.h4 Nh5 46.Rg1 Rf3 47.hxg5 hxg5 48.Ke2 Rxg3 49.Rxg3 Nxg3+ 50.Kf3 Nh5
51.Bxg5 Ba6 52.Kg4 Ng7 53.Bh6 Ne8 54.Kf5 Kd7 55.Bf8 Bxc4 56.Ng4 Bd3 57.Nxe5+ dxe5
58.Bxc5 Nd6+ 59.Kxe5 Nxe4  1/2-1/2

[Event "AS04 Centenary"]
[Site "Copenhagen DEN"]
[Date "2004.02.14"]
[Round "8"]
[White "Brondum,E"]
[Black "Aabling Thomsen,J"]
[Result "1/2-1/2"]
[WhiteElo "2214"]
[BlackElo "2108"]

1.d4 Nf6 2.Nf3 e6 3.c4 b6 4.Nc3 Bb4 5.Bg5 Bxc3+ 6.bxc3 Bb7 7.Nd2 d6 8.f3 Nbd7
9.e4 e5 10.Bd3 h6 11.Bh4 Qe7 12.Qa4  1/2-1/2

[Event "5th Montenegro Open"]
[Site "Sozina SCG"]
[Date "2004.02.20"]
[Round "3"]
[White "Barnaure,V"]
[Black "Kalinin,Al"]
[Result "0-1"]
[WhiteElo "2378"]
[BlackElo "2466"]

1.d4 Nf6 2.c4 e6 3.Nf3 b6 4.Nc3 Bb4 5.Bg5 Bb7 6.e3 h6 7.Bh4 Bxc3+ 8.bxc3 d6
9.Nd2 Nbd7 10.f3 Nf8 11.Bd3 Qe7 12.Qa4+ c6 13.O-O-O Ng6 14.Bf2 O-O 15.Qc2 b5
16.cxb5 cxb5 17.Bxb5 Nd5 18.Nb1 Rfc8 19.Kd2 Rc7 20.Qd3 Nb6 21.Qe2 e5 22.h4 Qe6
23.Rde1 e4 24.fxe4 Bxe4 25.Bd3 Re8 26.Bxe4 Qxe4 27.Qf3  0-1

[Event "5th Montenegro Open"]
[Site "Sozina SCG"]
[Date "2004.02.20"]
[Round "3"]
[White "Nikcevic,N"]
[Black "Perunovic,Mil"]
[Result "1/2-1/2"]
[WhiteElo "2455"]
[BlackElo "2550"]

1.d4 Nf6 2.Nf3 e6 3.c4 b6 4.Nc3 Bb7 5.g3 Bb4 6.Bg2 O-O 7.O-O Bxc3 8.bxc3 d6
9.Bg5 Nbd7 10.a4 a5 11.Qb3 h6 12.Bxf6 Nxf6 13.Nd2 Bxg2 14.Kxg2 d5  1/2-1/2

[Event "ch-BRA"]
[Site "Rio de Janeiro BRA"]
[Date "2004.02.27"]
[Round "2"]
[White "Disconzi da Silva,R"]
[Black "Molina,Rob"]
[Result "1-0"]
[WhiteElo "2367"]
[BlackElo "2227"]

1.d4 Nf6 2.c4 e6 3.Nf3 b6 4.Nc3 Bb7 5.a3 d5 6.cxd5 exd5 7.Qa4+ c6 8.Bg5 Be7
9.e3 O-O 10.Bd3 Nbd7 11.Ne5 Nxe5 12.dxe5 Ne4 13.Nxe4 Bxg5 14.Nd6 Qc7 15.Rd1 Be7
16.Nxb7 Qxb7 17.O-O Rad8 18.f4 Qc7 19.Rf3 f5 20.Qc2 g6 21.g4 fxg4 22.Rg3 Rf7
23.Be2 Rg7 24.Bxg4 Kh8 25.Be6 Bf8 26.h4 Qb7 27.Qg2 Qe7 28.Qh3 Qc5 29.Qg4 a5
30.Kh1 b5 31.Qe2 Qe7 32.Qg4 Qc5 33.Qe2 Qe7 34.Qg4 Qc5 35.Rd2 b4 36.a4 b3
37.e4 Qb4 38.Qe2 d4 39.Bxb3 c5 40.Rd1 Qb6 41.Qc4 Qc6 42.Qd3 Rb8 43.Rc1 Rb4
44.Bd5 Qxa4 45.Qa6 Qb5 46.Qc8 Qb8 47.Rxc5 Rxb2 48.Qxb8 Rxb8 49.Rxa5 Rc7 50.Ra2 Bh6
51.Rf3 Rc3 52.Kg2 Rf8 53.e6 Rc7 54.Kg3 Bg7 55.e5 Rd8 56.Be4 Bf8 57.h5 Kg7
58.Kg4 Bb4 59.Rg3  1-0

[Event "SFch-NED"]
[Site "Leeuwarden NED"]
[Date "2004.02.29"]
[Round "1.2"]
[White "Peek,Mar"]
[Black "Van der Werf,M"]
[Result "1/2-1/2"]
[WhiteElo "2398"]
[BlackElo "2417"]

1.d4 Nf6 2.Nf3 e6 3.c4 b6 4.Nc3 Bb4 5.Bg5 Bb7 6.e3 h6 7.Bh4 g5 8.Bg3 Ne4
9.Nd2 Nxc3 10.bxc3 Bxc3 11.Rc1 Ba5 12.h4 Rg8 13.hxg5 hxg5 14.Rh7 Qe7 15.c5 bxc5
16.Rxc5 Bb6 17.Rc1 Nc6 18.Qa4 Nb4 19.a3 Nd5 20.Ba6 Bxa6 21.Qxa6 Qf6 22.Ke2 Qg6
23.Qd3 Qxd3+ 24.Kxd3 Ke7 25.Nc4 Rh8 26.Rch1 Rxh7 27.Rxh7 d6 28.Rh1 Rg8 29.a4 a5
30.f3 Nb4+ 31.Ke2 Rb8 32.Rb1 Rh8 33.Be1 Rh1 34.Rb3 Nd5 35.Rb5 f5 36.Bxa5 Bxa5
37.Rxa5 Ra1 38.Ra8 Rxa4 39.Rxa4 Nc3+ 40.Kd3 Nxa4 41.g3 c5 42.dxc5 Nxc5+ 43.Kd4 Nd7
44.e4 e5+ 45.Ke3 fxe4 46.fxe4 Nf6 47.Nd2 Ke6 48.Nf3 Nh7 49.Nd2 Nf6 50.Nf3 g4
51.Nh2 d5 52.exd5+ Kxd5 53.Nf1 Ke6 54.Kd3 Kd5 55.Ke3 Kc4 56.Nd2+ Kc3 57.Nb1+ Kc2
58.Na3+ Kb3 59.Nb1 Kc4 60.Nd2+ Kd5 61.Nf1  1/2-1/2

[Event "SFch-NED"]
[Site "Leeuwarden NED"]
[Date "2004.03.14"]
[Round "2.2"]
[White "Janssen,R"]
[Black "Bosboom,M"]
[Result "1/2-1/2"]
[WhiteElo "2489"]
[BlackElo "2419"]

1.d4 Nf6 2.c4 e6 3.Nf3 b6 4.Nc3 Bb4 5.Bg5 h6 6.Bh4 Bb7 7.e3 Bxc3+ 8.bxc3 Qe7
9.Bd3 d6 10.Qa4+ Nbd7 11.Rg1 O-O 12.Nd2 c5 13.Kf1 Rfc8 14.Re1 a6 15.f4 b5
16.Qd1 bxc4 17.Bb1 Nf8 18.g4 Ng6 19.Bg3 Nd5 20.Ne4 f5 21.gxf5 exf5 22.Qh5 Qe6
23.Bf2 Nge7 24.Ng3 Rf8 25.dxc5 Nxc3 26.cxd6 Qxd6 27.Nxf5 Nxf5 28.Bxf5 Rxf5
29.Qxf5 Qd3+ 30.Qxd3 cxd3 31.e4 Rd8 32.Bb6 Rf8 33.Rxg7+ Kxg7 34.Bd4+ Kh7
35.Bxc3 Rxf4+ 36.Kg2 Rf7 37.Bd2 Kg6 38.Re3 Rc7 39.Kf2 Rc2 40.Rxd3 Bxe4  1/2-1/2

[Event "TCh-BEL 2003-4"]
[Site "Belgium BEL"]
[Date "2004.03.23"]
[Round "11"]
[White "Van der Stricht,G"]
[Black "Van Heirzeele,D"]
[Result "1/2-1/2"]
[WhiteElo "2447"]
[BlackElo "2227"]

1.d4 Nf6 2.c4 e6 3.Nf3 b6 4.Nc3 Bb4 5.Bg5 Bb7 6.Qc2 h6 7.Bh4 Bxc3+ 8.bxc3 g5
9.Bg3 d6 10.Nd2 Nh5 11.e4 Nd7 12.a4 a5 13.c5 dxc5 14.Bb5 Nxg3 15.hxg3 Qe7
16.Nb3 O-O-O 17.Bxd7+ Qxd7 18.dxc5 Qd3 19.Qxd3 Rxd3  1/2-1/2